000 00399nam a22001697a 4500
003 NUST - PNEC
005 20170116181057.0
008 150915b xxu||||| |||| 00| 0 eng d
020 _a-
040 _cLIBRARY
082 _a621.4022 HOL
100 _910648
_aHolman, J. P.
245 _aHeat transfer
_cJ. P. Holman
260 _cc.1963
650 _910651
_aHeat transfer
_xME
942 _2ddc
_cBK
999 _c68618
_d68618